[Event "Titled Tuesday intern op 19th Sep Early"]
[Site "Chess.com INT"]
[Date "2023.09.19"]
[Round "4"]
[White "Topalov, Aleksandar"]
[Black "Zaragatski, Ilja"]
[Result "0-1"]
[WhiteElo "2233"]
[BlackElo "2450"]
[PlyCount "78"]
[EventDate "2023.09.19"]
[EventType "swiss (blitz)"]
[EventRounds "11"]
[EventCountry "USA"]
[SourceTitle "EXT 2024"]
[Source "ChessBase"]
[SourceDate "2023.10.10"]
[SourceVersion "1"]
[SourceVersionDate "2023.10.10"]
[SourceQuality "1"]

1. b3 d5 2. Bb2 e6 3. Nf3 Nf6 4. e3 Be7 5. d4 0-0 6. Nbd2 c5 7. Bd3 cxd4 8. exd4 b6 9. Qe2 a5 10. a3 Ba6 11. c4 Nc6 12. 0-0 Rc8 13. Rac1 Qc7 14. cxd5 Bxd3 15. Qxd3 Nxd5 16. Ne5 Qb7 17. Ne4 Rfd8 18. Qb5 Nxe5 19. dxe5 Nf4 20. Rxc8 Rxc8 21. f3 Qc6 22. Qa6 Ra8 23. Qc4 Qxc4 24. bxc4 Rc8 25. Nd6 Rc6 26. Rd1 Kf8 27. Kf2 f6 28. g3 Ng6 29. f4 Bxd6 30. exd6 Ke8 31. d7+ Kd8 32. Bd4 Nf8 33. Be3 Nxd7 34. Rd4 Kc7 35. Kf3 e5 36. Re4 f5 37. Rxe5 Nxe5+ 38. fxe5 Rxc4 39. Bf4 Kd7 0-1

[Event "Titled Tuesday intern op 19th Sep Early"]
[Site "Chess.com INT"]
[Date "2023.09.19"]
[Round "2"]
[White "Vasquez Schroder, Rodrigo Rafael"]
[Black "Zaragatski, Ilja"]
[Result "1-0"]
[WhiteElo "2478"]
[BlackElo "2450"]
[PlyCount "117"]
[EventDate "2023.09.19"]
[EventType "swiss (blitz)"]
[EventRounds "11"]
[EventCountry "USA"]
[SourceTitle "EXT 2024"]
[Source "ChessBase"]
[SourceDate "2023.10.10"]
[SourceVersion "1"]
[SourceVersionDate "2023.10.10"]
[SourceQuality "1"]

1. e4 e6 2. d4 d5 3. Nc3 Nc6 4. Nf3 Nf6 5. e5 Ne4 6. Bd3 Bb4 7. Bd2 Nxd2 8. Qxd2 f6 9. a3 Bxc3 10. Qxc3 fxe5 11. dxe5 Bd7 12. Bb5 Ne7 13. Bd3 Nc6 14. 0-0 Qe7 15. b4 a6 16. Rab1 0-0 17. Be2 Be8 18. Ne1 Rf4 19. Nd3 Re4 20. Rbe1 Bg6 21. Nc5 Rxe5 22. Nxb7 Qe8 23. b5 axb5 24. Bxb5 d4 25. Qc4 Rxb5 26. Qxb5 Ne7 27. Qc4 Bf7 28. Qxc7 Ra7 29. Qb6 Qb8 30. Rb1 e5 31. Nc5 Qxb6 32. Rxb6 g6 33. Rb7 Rxb7 34. Nxb7 Bd5 35. Nc5 Nc6 36. Re1 Kf7 37. f3 Ke7 38. Nd3 Kd6 39. Nb4 Nxb4 40. axb4 Bc4 41. Kf2 Kd5 42. Ra1 Bb5 43. Ra5 Kc4 44. Ke1 Kxb4 45. Ra7 h5 46. Kd2 Kc5 47. Rg7 Be8 48. Re7 Bc6 49. Rxe5+ Kd6 50. Rg5 Be8 51. g3 Bf7 52. f4 Ke6 53. Kd3 Kf6 54. Kxd4 Be6 55. c4 Bf5 56. c5 Bd7 57. Rd5 Be8 58. c6 Ke7 59. c7 1-0

[Event "Titled Tuesday intern op 29th Aug Early"]
[Site "Chess.com INT"]
[Date "2023.08.29"]
[Round "1"]
[White "De Souza, Cristiano Gomes"]
[Black "Zaragatski, Ilja"]
[Result "0-1"]
[WhiteElo "2018"]
[BlackElo "2456"]
[PlyCount "78"]
[EventDate "2023.08.29"]
[EventType "swiss (blitz)"]
[EventRounds "11"]
[EventCountry "USA"]
[SourceTitle "EXT 2024"]
[Source "ChessBase"]
[SourceDate "2023.10.10"]
[SourceVersion "1"]
[SourceVersionDate "2023.10.10"]
[SourceQuality "1"]

1. d4 d5 2. c4 dxc4 3. Nf3 Nf6 4. e3 e6 5. Bxc4 c5 6. 0-0 Nc6 7. Nc3 a6 8. a4 Qc7 9. dxc5 Bxc5 10. Qe2 0-0 11. b3 b6 12. Bb2 Bb7 13. Rac1 Rac8 14. Rfd1 Qb8 15. Bxa6 Na5 16. Bxb7 Qxb7 17. Qb5 Be7 18. Ne2 Nd5 19. Bd4 Ba3 20. Rxc8 Rxc8 21. e4 Nf6 22. Bxb6 Nc6 23. Ng3 h5 24. a5 Nb4 25. Qa4 Nc2 26. Nd4 Be7 27. Nxc2 Rxc2 28. Be3 h4 29. Nf1 h3 30. g3 Nxe4 31. f3 Nc3 32. Qe8+ Kh7 33. Qxf7 Nxd1 34. Qh5+ Kg8 35. Qe8+ Bf8 36. Qxe6+ Qf7 37. Qxf7+ Kxf7 38. Bf4 Rg2+ 39. Kh1 Nf2# 0-1

[Event "Titled Tuesday intern op 29th Aug Early"]
[Site "Chess.com INT"]
[Date "2023.08.29"]
[Round "7"]
[White "Tsyhanchuk, Stanislav"]
[Black "Zaragatski, Ilja"]
[Result "1/2-1/2"]
[WhiteElo "2273"]
[BlackElo "2456"]
[PlyCount "55"]
[EventDate "2023.08.29"]
[EventType "swiss (blitz)"]
[EventRounds "11"]
[EventCountry "USA"]
[SourceTitle "EXT 2024"]
[Source "ChessBase"]
[SourceDate "2023.10.10"]
[SourceVersion "1"]
[SourceVersionDate "2023.10.10"]
[SourceQuality "1"]

1. c4 e5 2. Nc3 Nf6 3. Nf3 Nc6 4. e4 Bb4 5. d3 d6 6. a3 Bxc3+ 7. bxc3 0-0 8. g3 Ne8 9. Bg2 f5 10. exf5 Bxf5 11. 0-0 Nf6 12. d4 exd4 13. cxd4 d5 14. c5 Be4 15. Bf4 Nh5 16. Be5 Qd7 17. Qb3 Qg4 18. Qxb7 Bxf3 19. Bxf3 Qxf3 20. Qxc6 Rae8 21. Qxc7 Rf7 22. Qa5 Rxe5 23. dxe5 Nf4 24. gxf4 Qg4+ 25. Kh1 Qf3+ 26. Kg1 Qg4+ 27. Kh1 Qf3+ 28. Kg1 1/2-1/2

[Event "Titled Tuesday intern op 29th Aug Early"]
[Site "Chess.com INT"]
[Date "2023.08.29"]
[Round "3"]
[White "Zaragatski, Ilja"]
[Black "Anton Guijarro, David"]
[Result "1/2-1/2"]
[WhiteElo "2456"]
[BlackElo "2693"]
[PlyCount "81"]
[EventDate "2023.08.29"]
[EventType "swiss (blitz)"]
[EventRounds "11"]
[EventCountry "USA"]
[SourceTitle "EXT 2024"]
[Source "ChessBase"]
[SourceDate "2023.10.10"]
[SourceVersion "1"]
[SourceVersionDate "2023.10.10"]
[SourceQuality "1"]

1. Nf3 d5 2. g3 c6 3. Bg2 Bg4 4. c4 e6 5. Qb3 Qc8 6. 0-0 Nd7 7. d3 Ngf6 8. Bf4 Be7 9. Nc3 0-0 10. Rac1 Bxf3 11. Bxf3 d4 12. Na4 e5 13. Bg5 h6 14. Bxf6 Nxf6 15. c5 Re8 16. Qc4 Qh3 17. Bg2 Qh5 18. Qc2 Rad8 19. b4 Nd5 20. Rfe1 Bg5 21. Rb1 a6 22. Rb3 f5 23. Bxd5+ Rxd5 24. Nb6 Rdd8 25. Nc4 Qh3 26. Nd6 Re7 27. a4 Rf8 28. b5 axb5 29. axb5 h5 30. bxc6 bxc6 31. Reb1 Re6 32. Qc4 f4 33. Rb8 Be7 34. Rxf8+ Bxf8 35. Rb8 Kh7 36. Rxf8 h4 37. Nf7 Kg6 38. Nh8+ Kh7 39. Nf7 Kg6 40. Nh8+ Kh7 41. Nf7 1/2-1/2

[Event "Titled Tuesday intern op 29th Aug Early"]
[Site "Chess.com INT"]
[Date "2023.08.29"]
[Round "2"]
[White "Zaragatski, Ilja"]
[Black "Kravtsiv, Martyn"]
[Result "1-0"]
[WhiteElo "2456"]
[BlackElo "2598"]
[PlyCount "89"]
[EventDate "2023.08.29"]
[EventType "swiss (blitz)"]
[EventRounds "11"]
[EventCountry "USA"]
[SourceTitle "EXT 2024"]
[Source "ChessBase"]
[SourceDate "2023.10.10"]
[SourceVersion "1"]
[SourceVersionDate "2023.10.10"]
[SourceQuality "1"]

1. Nf3 Nf6 2. g3 d5 3. Bg2 e6 4. 0-0 Be7 5. c4 0-0 6. b3 c5 7. cxd5 exd5 8. d4 b6 9. Bb2 Nc6 10. Nc3 Be6 11. Rc1 Rc8 12. dxc5 bxc5 13. Ng5 d4 14. Nxe6 fxe6 15. Na4 Nb4 16. a3 Nbd5 17. Qd3 e5 18. Rc2 Nb6 19. Nxb6 axb6 20. e3 Kh8 21. exd4 exd4 22. Re2 Bd6 23. Rfe1 Qd7 24. Bc1 h6 25. a4 Rb8 26. Re6 Rbe8 27. Qf5 Rxe6 28. Rxe6 Re8 29. Rxf6 Re1+ 30. Bf1 Qxf5 31. Rxf5 Rxc1 32. Rd5 Be7 33. Rd7 Bf6 34. Kg2 Rc3 35. Bc4 h5 36. h4 Kh7 37. Rd6 Be5 38. Rd5 Bf6 39. Rxh5+ Kg6 40. Rd5 Kh7 41. f4 Be7 42. Kh3 Kg6 43. Kg4 Re3 44. h5+ Kf6 45. Rf5# 1-0

[Event "Titled Tuesday intern op 18th Jul Early"]
[Site "Chess.com INT"]
[Date "2023.07.18"]
[Round "7"]
[White "Galchenko, Matvey"]
[Black "Zaragatski, Ilja"]
[Result "1-0"]
[WhiteElo "2438"]
[BlackElo "2456"]
[PlyCount "119"]
[EventDate "2023.07.18"]
[EventType "swiss (blitz)"]
[EventRounds "11"]
[EventCountry "USA"]
[SourceTitle "EXT 2024"]
[Source "ChessBase"]
[SourceDate "2023.10.10"]
[SourceVersion "1"]
[SourceVersionDate "2023.10.10"]
[SourceQuality "1"]

1. f4 d5 2. Nf3 Nf6 3. g3 e6 4. Bg2 Be7 5. 0-0 c5 6. d3 b5 7. a4 b4 8. c3 a5 9. e4 dxe4 10. dxe4 Ba6 11. Qxd8+ Bxd8 12. Re1 Nc6 13. e5 Nd5 14. Nbd2 bxc3 15. Ne4 cxb2 16. Bxb2 0-0 17. Nd6 Rb8 18. Ba3 Ncb4 19. Rec1 Nd3 20. Rc2 Bb6 21. Nc4 Bxc4 22. Rxc4 Ne3 23. Rc3 c4 24. Bxf8 Kxf8 25. Rxd3 cxd3 26. Kh1 Rc8 27. Rb1 Nc4 28. Bf1 d2 29. Bxc4 Rxc4 30. Nxd2 Rc6 31. Ne4 Ke7 32. Nd6 Bc7 33. Rb7 f6 34. Nb5 Kd8 35. exf6 gxf6 36. Ra7 Bb6 37. Rxh7 Rc4 38. Rf7 f5 39. h4 Rxa4 40. h5 Rb4 41. Nd6 Rd4 42. Nb7+ Kc8 43. h6 Rd1+ 44. Kg2 a4 45. h7 Bd4 46. Nd6+ Kd8 47. Nb5 Bb2 48. Ra7 Rd2+ 49. Kf3 a3 50. Nxa3 Rd3+ 51. Ke2 Rxg3 52. Nc4 Bc3 53. Ne5 Bxe5 54. fxe5 Rh3 55. h8Q+ Rxh8 56. Ra8+ Kd7 57. Rxh8 Kc6 58. Ke3 Kd5 59. Kf4 Kd4 60. Re8 1-0

[Event "Titled Tuesday intern op 18th Jul Early"]
[Site "Chess.com INT"]
[Date "2023.07.18"]
[Round "5"]
[White "Zaragatski, Ilja"]
[Black "Akkarakaran, John Veny"]
[Result "1-0"]
[WhiteElo "2456"]
[BlackElo "2127"]
[PlyCount "113"]
[EventDate "2023.07.18"]
[EventType "swiss (blitz)"]
[EventRounds "11"]
[EventCountry "USA"]
[SourceTitle "EXT 2024"]
[Source "ChessBase"]
[SourceDate "2023.10.10"]
[SourceVersion "1"]
[SourceVersionDate "2023.10.10"]
[SourceQuality "1"]

1. c4 e6 2. g3 Nf6 3. Bg2 d5 4. Nf3 Be7 5. 0-0 0-0 6. b3 d4 7. e3 c5 8. exd4 cxd4 9. Ne5 Nbd7 10. Re1 Nxe5 11. Rxe5 Bd6 12. Re1 e5 13. d3 Qc7 14. Ba3 Bxa3 15. Nxa3 a6 16. Nc2 Bf5 17. Nb4 a5 18. Nd5 Nxd5 19. Bxd5 Ra6 20. Qe2 Re8 21. f4 Kh8 22. fxe5 f6 23. Qf3 Bg6 24. e6 Qc5 25. Rad1 b5 26. cxb5 Rd6 27. Bc4 Bh5 28. g4 Bg6 29. Rd2 h6 30. Rde2 Re7 31. h4 h5 32. g5 f5 33. Re5 Qb4 34. R1e2 Rd8 35. Kg2 Qc3 36. b6 f4 37. b7 Qb4 38. Rb5 Qd6 39. Qd5 f3+ 40. Kxf3 Rf8+ 41. Kg2 Qf4 42. Qe5 Qg4+ 43. Kh2 Qxh4+ 44. Kg2 Qg4+ 45. Kh2 Qh4+ 46. Kg1 Qg4+ 47. Rg2 Qd1+ 48. Kh2 Rf1 49. b8Q+ Kh7 50. Qe2 Rh1+ 51. Kg3 h4+ 52. Kg4 Qc1 53. Qf4 Bh5+ 54. Kf5 g6+ 55. Ke5 Re1 56. Qxc1 Rxc1 57. Qe4 1-0

[Event "Titled Tuesday intern op 18th Jul Early"]
[Site "Chess.com INT"]
[Date "2023.07.18"]
[Round "2"]
[White "Zaragatski, Ilja"]
[Black "Tsaruk, Maksim"]
[Result "1-0"]
[WhiteElo "2456"]
[BlackElo "2393"]
[PlyCount "103"]
[EventDate "2023.07.18"]
[EventType "swiss (blitz)"]
[EventRounds "11"]
[EventCountry "USA"]
[SourceTitle "EXT 2024"]
[Source "ChessBase"]
[SourceDate "2023.10.10"]
[SourceVersion "1"]
[SourceVersionDate "2023.10.10"]
[SourceQuality "1"]

1. g3 d5 2. Nf3 Nf6 3. Bg2 Bf5 4. c4 c6 5. Qb3 Qb6 6. cxd5 Qxb3 7. axb3 Bxb1 8. dxc6 Nxc6 9. Rxb1 e6 10. 0-0 Bb4 11. d3 Ke7 12. Ra1 Rac8 13. Be3 a5 14. Rfc1 Nd5 15. Bg5+ f6 16. Bd2 Bxd2 17. Nxd2 Nd4 18. Kf1 b6 19. e3 Nc2 20. Rab1 Ndb4 21. Nc4 Rc7 22. Nxb6 Nxd3 23. Rd1 Ncb4 24. Nc4 Rd8 25. Nxa5 Rc2 26. Kg1 Rxf2 27. Bf1 Rf3 28. Nc4 Rf5 29. Ra1 Kf8 30. Ra4 Rb5 31. Ra7 Rbb8 32. Rd2 h5 33. Na5 Nc5 34. Rxd8+ Rxd8 35. Nc4 Ne4 36. Rb7 Nd5 37. b4 h4 38. gxh4 f5 39. b5 f4 40. exf4 Nxf4 41. b6 Rd1 42. Rb8+ Kf7 43. b7 Ne2+ 44. Kg2 Nf4+ 45. Kf3 Rxf1+ 46. Kxe4 Nd5 47. Rf8+ Kxf8 48. b8Q+ Kf7 49. Ne5+ Ke7 50. Qb7+ Ke8 51. Qd7+ Kf8 52. Qd8# 1-0

[Event "Titled Tuesday intern op 20th Jun Early"]
[Site "Chess.com INT"]
[Date "2023.06.20"]
[Round "1"]
[White "Lazavik, Denis"]
[Black "Zaragatski, Ilja"]
[Result "1-0"]
[WhiteElo "2553"]
[BlackElo "2462"]
[PlyCount "99"]
[EventDate "2023.06.20"]
[EventType "swiss (blitz)"]
[EventRounds "11"]
[EventCountry "USA"]
[SourceTitle "EXT 2024"]
[Source "ChessBase"]
[SourceDate "2023.10.10"]
[SourceVersion "1"]
[SourceVersionDate "2023.10.10"]
[SourceQuality "1"]

1. d4 Nf6 2. c4 c5 3. d5 b5 4. cxb5 a6 5. e3 axb5 6. Bxb5 Qa5+ 7. Nc3 Bb7 8. Bd2 Qb6 9. a4 Nxd5 10. Nf3 e6 11. 0-0 Be7 12. e4 Nb4 13. Bf4 0-0 14. Bxb8 Rfxb8 15. Qxd7 Qd8 16. Rfd1 Qxd7 17. Rxd7 Bf6 18. Rad1 g6 19. e5 Bxf3 20. gxf3 Bxe5 21. Ne4 Bd4 22. Ng5 Rd8 23. b3 Rxd7 24. Bxd7 Nd5 25. Kf1 Rb8 26. a5 Rxb3 27. Nxe6 fxe6 28. Bxe6+ Kg7 29. Bxd5 Ra3 30. Rb1 Rxa5 31. Rb7+ Kf6 32. f4 Kf5 33. Rf7+ Kg4 34. Kg2 h6 35. Be6+ Kh4 36. Rh7 h5 37. Rh6 Rb5 38. Rxg6 Rb2 39. Kf3 Rxf2+ 40. Ke4 Rxh2 41. f5 Re2+ 42. Kd5 Rf2 43. Kd6 Kh3 44. f6+ Kh2 45. f7 h4 46. Rg8 h3 47. f8Q Rxf8 48. Rxf8 Kg2 49. Rg8+ Kh2 50. Kd5 1-0

[Event "Titled Tuesday intern op 20th Jun Early"]
[Site "Chess.com INT"]
[Date "2023.06.20"]
[Round "8"]
[White "Mendonca, Leon Luke"]
[Black "Zaragatski, Ilja"]
[Result "1-0"]
[WhiteElo "2623"]
[BlackElo "2462"]
[PlyCount "80"]
[EventDate "2023.06.20"]
[EventType "swiss (blitz)"]
[EventRounds "11"]
[EventCountry "USA"]
[SourceTitle "EXT 2024"]
[Source "ChessBase"]
[SourceDate "2023.10.10"]
[SourceVersion "1"]
[SourceVersionDate "2023.10.10"]
[SourceQuality "1"]

1. e4 d6 2. d4 Nf6 3. Nc3 e5 4. Nf3 Nbd7 5. Be2 Be7 6. 0-0 0-0 7. a4 c6 8. Re1 Qc7 9. a5 Rb8 10. h3 b5 11. axb6 axb6 12. d5 cxd5 13. exd5 Nc5 14. Nb5 Qd7 15. b4 Na6 16. Bd2 Nc7 17. Nxc7 Qxc7 18. c4 Ne4 19. Be3 Nc3 20. Qd2 Nxe2+ 21. Qxe2 f5 22. Bg5 f4 23. Bxe7 Qxe7 24. Nd2 Bf5 25. f3 Rfc8 26. Ne4 Qc7 27. Rec1 Ra8 28. Rxa8 Rxa8 29. c5 bxc5 30. bxc5 Bxe4 31. Qxe4 dxc5 32. d6 Qd7 33. Rxc5 Ra1+ 34. Kh2 Qxd6 35. Rc8+ Kf7 36. Qf5+ Ke7 37. Qf8+ Ke6 38. Re8+ Kd5 39. Rd8 Ra6 40. Rxd6+ Rxd6 1-0

[Event "Titled Tuesday intern op 20th Jun Early"]
[Site "Chess.com INT"]
[Date "2023.06.20"]
[Round "4"]
[White "Rosenberg, Evan"]
[Black "Zaragatski, Ilja"]
[Result "0-1"]
[WhiteElo "1970"]
[BlackElo "2462"]
[PlyCount "72"]
[EventDate "2023.06.20"]
[EventType "swiss (blitz)"]
[EventRounds "11"]
[EventCountry "USA"]
[SourceTitle "EXT 2024"]
[Source "ChessBase"]
[SourceDate "2023.10.10"]
[SourceVersion "1"]
[SourceVersionDate "2023.10.10"]
[SourceQuality "1"]

1. d4 d6 2. e4 Nf6 3. Nc3 e5 4. dxe5 dxe5 5. Qxd8+ Kxd8 6. Bc4 Ke8 7. f4 Bd6 8. Nf3 Nbd7 9. f5 c6 10. g4 b5 11. Bd3 Nc5 12. g5 Nh5 13. Be3 Nxd3+ 14. cxd3 a6 15. 0-0-0 c5 16. Nd5 Bb7 17. Kb1 Rc8 18. Rc1 Nf4 19. Nxf4 exf4 20. Bf2 Kd7 21. Rhe1 Rhe8 22. Ng1 c4 23. dxc4 Bxe4+ 24. Ka1 Rxc4 25. Rxc4 bxc4 26. f6 gxf6 27. gxf6 f3 28. Rd1 Kc6 29. h3 Rg8 30. Rd4 Bd5 31. Rg4 Rxg4 32. hxg4 Bc5 33. Nh3 Be6 34. Bxc5 Kxc5 35. Nf2 Kd4 36. g5 Ke3 0-1

[Event "Titled Tuesday intern op 20th Jun Early"]
[Site "Chess.com INT"]
[Date "2023.06.20"]
[Round "2"]
[White "Zaragatski, Ilja"]
[Black "Zhukov, Maksim"]
[Result "1-0"]
[WhiteElo "2462"]
[BlackElo "1835"]
[PlyCount "179"]
[EventDate "2023.06.20"]
[EventType "swiss (blitz)"]
[EventRounds "11"]
[EventCountry "USA"]
[SourceTitle "EXT 2024"]
[Source "ChessBase"]
[SourceDate "2023.10.10"]
[SourceVersion "1"]
[SourceVersionDate "2023.10.10"]
[SourceQuality "1"]

1. e4 c5 2. Nf3 d6 3. d4 cxd4 4. Nxd4 Nf6 5. Nc3 a6 6. f3 e5 7. Nb3 h5 8. Be3 Be6 9. Qd2 Be7 10. Nd5 Bxd5 11. exd5 Nbd7 12. Na5 Qc7 13. c4 Rc8 14. Be2 0-0 15. 0-0 Nc5 16. b4 Ncd7 17. Rac1 Qb8 18. Nb3 b6 19. a4 Rc7 20. a5 Rfc8 21. axb6 Nxb6 22. Na5 Bf8 23. Rfd1 Nbxd5 24. cxd5 Rxc1 25. Rxc1 Rxc1+ 26. Qxc1 Nxd5 27. Nc6 Qc7 28. Bd2 Qb6+ 29. Kh1 Nc7 30. Be3 Qb7 31. h3 Nd5 32. Bd2 Nf6 33. Qc4 d5 34. Qxa6 Qd7 35. Nxe5 Qf5 36. Nd3 h4 37. Qb6 Nh5 38. Be1 Ng3+ 39. Bxg3 hxg3 40. Qd4 Qe6 41. Bf1 g6 42. Qe5 Qxe5 43. Nxe5 Bxb4 44. Nc6 Bd6 45. Bd3 Kg7 46. Bc2 f5 47. Kg1 Bc5+ 48. Kf1 Kf6 49. Ke2 Ke6 50. Kd3 Kd6 51. Nd4 Bb6 52. Bb3 Ke5 53. Ne2 d4 54. f4+ Kf6 55. Nxg3 Bc7 56. Ne2 Bb8 57. Kxd4 Ba7+ 58. Kd5 Bb8 59. Bc2 Ba7 60. h4 Bb8 61. g3 Ba7 62. Kd6 Bf2 63. Kd7 Be1 64. Bb3 Bf2 65. Ke8 Bc5 66. Ba4 Bb4 67. Bb3 Bc5 68. Kd7 Bf2 69. Bd5 Be1 70. Bf3 Bf2 71. Kd6 Be1 72. Kd5 Bb4 73. h5 Bf8 74. hxg6 Kxg6 75. Ke6 Bg7 76. Bd5 Bb2 77. Bf3 Ba3 78. Bd5 Bc5 79. Bc4 Bf2 80. Bd3 Kh5 81. Bxf5 Kh6 82. Ke5 Kh5 83. Ke4 Be1 84. g4+ Kh4 85. g5 Bb4 86. Nd4 Bf8 87. Nf3+ Kh5 88. Ne5 Bg7 89. Bg6+ Kh4 90. Bf7 1-0

[Event "Titled Tuesday intern op 09th May Early"]
[Site "Chess.com INT"]
[Date "2023.05.09"]
[Round "8"]
[White "Zaragatski, Ilja"]
[Black "Martinez Ramirez, Lennis"]
[Result "0-1"]
[WhiteElo "2472"]
[BlackElo "2426"]
[PlyCount "68"]
[EventDate "2023.05.09"]
[EventType "swiss (blitz)"]
[EventRounds "11"]
[EventCountry "USA"]
[SourceTitle "CBM 214 Extra"]
[Source "ChessBase"]
[SourceDate "2023.07.31"]
[SourceVersion "1"]
[SourceVersionDate "2023.07.31"]
[SourceQuality "1"]

1. g3 d5 2. Nf3 c6 3. Bg2 Bg4 4. c4 Bxf3 5. Bxf3 e6 6. b3 Nf6 7. Bb2 Nbd7 8. 0-0 Bd6 9. d3 h5 10. Nd2 h4 11. Qc2 hxg3 12. hxg3 Qc7 13. Kg2 0-0-0 14. cxd5 exd5 15. Rh1 Ne5 16. a3 Kb8 17. b4 Qd7 18. e3 Qf5 19. Bxe5 Bxe5 20. Rac1 Ng4 21. d4 Qxc2 22. Rxc2 Rxh1 23. Kxh1 Nxf2+ 24. Kg2 Nd3 25. Rc3 Ne1+ 26. Kf2 Nxf3 27. Nxf3 Bd6 28. Rb3 b5 29. Nd2 Rh8 30. Kg2 f5 31. Rc3 Kc7 32. Nb3 Rh6 33. Na5 Be7 34. a4 Bxb4 0-1

[Event "Titled Tuesday intern op 09th May Early"]
[Site "Chess.com INT"]
[Date "2023.05.09"]
[Round "3"]
[White "Zaragatski, Ilja"]
[Black "Petr, Jan1111"]
[Result "1-0"]
[WhiteElo "2472"]
[BlackElo "2282"]
[PlyCount "59"]
[EventDate "2023.05.09"]
[EventType "swiss (blitz)"]
[EventRounds "11"]
[EventCountry "USA"]
[SourceTitle "CBM 214 Extra"]
[Source "ChessBase"]
[SourceDate "2023.07.31"]
[SourceVersion "1"]
[SourceVersionDate "2023.07.31"]
[SourceQuality "1"]

1. e4 e5 2. Nf3 Nc6 3. Bb5 f5 4. Nc3 fxe4 5. Nxe4 Nf6 6. Qe2 d5 7. Nxf6+ gxf6 8. d4 Bg7 9. Bxc6+ bxc6 10. Bf4 0-0 11. dxe5 Rb8 12. 0-0-0 Bg4 13. e6 Re8 14. h3 Rxe6 15. Qd3 Bxf3 16. Qxf3 f5 17. c3 Qf6 18. Be3 c5 19. Bxc5 Ra6 20. Qxd5+ Kh8 21. Bd4 Qh6+ 22. Kc2 Qg6 23. Bxg7+ Qxg7 24. Rhe1 Rab6 25. Qd8+ Rxd8 26. Rxd8+ Qg8 27. Ree8 Qxe8 28. Rxe8+ Kg7 29. Re7+ Kf6 30. Rxc7 1-0

[Event "Titled Tuesday intern op 09th May Early"]
[Site "Chess.com INT"]
[Date "2023.05.09"]
[Round "10"]
[White "Zaragatski, Ilja"]
[Black "Yonal, Timur"]
[Result "0-1"]
[WhiteElo "2472"]
[BlackElo "2039"]
[PlyCount "62"]
[EventDate "2023.05.09"]
[EventType "swiss (blitz)"]
[EventRounds "11"]
[EventCountry "USA"]
[SourceTitle "CBM 214 Extra"]
[Source "ChessBase"]
[SourceDate "2023.07.31"]
[SourceVersion "1"]
[SourceVersionDate "2023.07.31"]
[SourceQuality "1"]

1. e4 c5 2. Nf3 d6 3. d4 cxd4 4. Nxd4 Nf6 5. Nc3 a6 6. f3 e5 7. Nb3 Be7 8. Be3 Be6 9. Qd2 Nbd7 10. 0-0-0 b5 11. g4 h6 12. Nd5 Bxd5 13. exd5 Rc8 14. Kb1 Qc7 15. Rc1 Nb6 16. h4 Nfxd5 17. Bf2 Nf4 18. Be3 Nc4 19. Bxc4 bxc4 20. Na5 c3 21. Qxc3 Qxc3 22. bxc3 Nd5 23. Bd2 Nxc3+ 24. Kb2 Na4+ 25. Ka1 Kd7 26. c4 Rb8 27. h5 e4 28. fxe4 Bf6+ 29. Bc3 Bxc3+ 30. Rxc3 Nxc3 31. Nb3 Nxe4 0-1

[Event "Titled Tuesday intern op 28th Mar Early"]
[Site "Chess.com INT"]
[Date "2023.03.28"]
[Round "2"]
[White "Zemlyanskii, Ivan"]
[Black "Zaragatski, Ilja"]
[Result "1-0"]
[WhiteElo "2283"]
[BlackElo "2493"]
[PlyCount "75"]
[EventDate "2023.03.28"]
[EventType "swiss (blitz)"]
[EventRounds "11"]
[EventCountry "USA"]
[SourceTitle "EXT 2024"]
[Source "ChessBase"]
[SourceDate "2023.10.10"]
[SourceVersion "1"]
[SourceVersionDate "2023.10.10"]
[SourceQuality "1"]

1. d4 Nf6 2. c4 c5 3. d5 b5 4. Nf3 Bb7 5. a4 Qa5+ 6. Bd2 b4 7. Qc2 g6 8. e4 d6 9. Bd3 Bg7 10. h3 0-0 11. 0-0 Nbd7 12. Be3 Rae8 13. Nbd2 e6 14. Rfe1 Qc7 15. Rac1 Bc8 16. b3 Nh5 17. g4 Nhf6 18. Nf1 h5 19. g5 Nh7 20. Kg2 exd5 21. exd5 Ne5 22. Nxe5 Bxe5 23. f4 Bc3 24. Re2 Qd7 25. f5 gxf5 26. Ng3 Re5 27. Bf4 Rxe2+ 28. Qxe2 Re8 29. Qxh5 Qe7 30. Rc2 Nf8 31. Re2 Qd8 32. Nxf5 Rxe2+ 33. Qxe2 Ng6 34. Nh6+ Kg7 35. Bxg6 fxg6 36. Qf3 Qe7 37. h4 Bd4 38. Bxd6 1-0

[Event "Bundesliga 2223"]
[Site "Germany"]
[Date "2023.03.18"]
[Round "10.3"]
[White "Wachinger, Nikolas"]
[Black "Zaragatski, Ilja"]
[Result "1-0"]
[WhiteElo "2432"]
[BlackElo "2505"]
[PlyCount "177"]
[EventDate "2022.10.21"]
[EventType "team-tourn"]
[EventRounds "15"]
[EventCountry "GER"]
[SourceTitle "CBM 213 Extra"]
[Source "ChessBase"]
[SourceDate "2023.05.31"]
[SourceVersion "1"]
[SourceVersionDate "2023.05.31"]
[SourceQuality "1"]
[WhiteTeam "Werder Bremen"]
[BlackTeam "Viernheim"]
[WhiteTeamCountry "GER"]
[BlackTeamCountry "GER"]

1. e4 e5 2. Nf3 Nf6 3. Nxe5 d6 4. Nf3 Nxe4 5. d4 d5 6. Bd3 Bf5 7. 0-0 Be7 8. Re1 0-0 9. Nbd2 Nd6 10. Nf1 c6 11. Bf4 Bxd3 12. Qxd3 Na6 13. Ne3 Re8 14. Bxd6 Bxd6 15. Nf5 Nc7 16. Rxe8+ Nxe8 17. Re1 Bf8 18. Ne5 g6 19. Qg3 Qf6 20. Ne3 h5 21. c3 Rd8 22. f4 Bd6 23. f5 g5 24. Qh3 Qh8 25. f6 Nxf6 26. Nf5 Ne4 27. Rxe4 dxe4 28. Nxd6 g4 29. Qg3 Rxd6 30. Nxf7 Kxf7 31. Qxd6 Qe8 32. Qh6 Ke7 33. Qg5+ Kd7 34. Qf5+ Kc7 35. Kf2 Qg8 36. b3 g3+ 37. hxg3 e3+ 38. Kf3 e2 39. Qe5+ Kd7 40. Kxe2 Qg6 41. Qe3 Qb1 42. Qd2 Qg1 43. Kf3 Qf1+ 44. Ke4 Qb1+ 45. Kf4 Qg6 46. Kf3 Qf5+ 47. Ke2 b5 48. Qd3 Qg5 49. d5 Qe5+ 50. Kf2 a6 51. dxc6+ Kxc6 52. Qf3+ Kd7 53. g4 hxg4 54. Qxg4+ Kc6 55. Qf3+ Kd7 56. g3 Qc5+ 57. Qe3 Qf5+ 58. Ke2 Qh5+ 59. Kd2 Qh2+ 60. Qe2 Qh1 61. Ke3 Qh6+ 62. Kf2 Qh2+ 63. Kf3 Qh5+ 64. g4 Qh3+ 65. Ke4 Qh7+ 66. Kd4 Qg7+ 67. Kd3 Qf6 68. Kc2 Kc7 69. Kb2 Kb8 70. b4 Qf4 71. Qg2 Qg5 72. Qf2 Kb7 73. Qf7+ Kb8 74. Qe8+ Kc7 75. Qe2 Kb8 76. Qg2 Kc7 77. a3 Kb8 78. Qf2 Kb7 79. Qd4 Ka8 80. Kc2 Qg6+ 81. Kd2 Qb1 82. Ke3 Qc1+ 83. Ke4 Qxa3 84. Kd5 Qc1 85. Kc6 Qh6+ 86. Qd6 Qh1+ 87. Qd5 Qh6+ 88. Kc7+ Ka7 89. Qb7# 1-0

[Event "Walsrode Chessemy op-A"]
[Site "Walsrode"]
[Date "2023.03.11"]
[Round "8"]
[White "Berger, Steve"]
[Black "Zaragatski, Ilja"]
[Result "0-1"]
[WhiteElo "2417"]
[BlackElo "2493"]
[PlyCount "66"]
[EventDate "2023.03.04"]
[EventType "swiss"]
[EventRounds "9"]
[EventCountry "GER"]
[SourceTitle "CBM 213 Extra"]
[Source "ChessBase"]
[SourceDate "2023.05.31"]
[SourceVersion "1"]
[SourceVersionDate "2023.05.31"]
[SourceQuality "1"]

1. e4 c5 2. Nf3 d6 3. Nc3 Nf6 4. e5 dxe5 5. Nxe5 Bd7 6. d4 cxd4 7. Qxd4 Nc6 8. Nxc6 Bxc6 9. Be3 Qxd4 10. Bxd4 a6 11. 0-0-0 e6 12. f3 0-0-0 13. Be2 Be7 14. Bb6 Rxd1+ 15. Rxd1 g5 16. Bd4 Rd8 17. g3 h5 18. Be3 Rg8 19. Rf1 h4 20. g4 h3 21. Rf2 Nd7 22. Bf1 Ne5 23. Bxh3 Rh8 24. Bf1 Nxf3 25. h3 f5 26. gxf5 exf5 27. Bd3 f4 28. Bf5+ Kc7 29. Bd2 Bc5 30. Rf1 Nxd2 31. Kxd2 Bg2 32. Rd1 Bxh3 33. Nd5+ Kd6 0-1